000 00815nam a2200253Ia 4500
003 OSt
005 20220923213519.0
006 a|||||r|||| 00| 0
007 ta
008 220922b |||||||| |||| 00| 0 hin d
024 _a162,477
037 _cTextual
040 _aARTS
_cARTS
_bhin
041 _2hin
_ahin
082 _aO152,2N243,KY, K2
100 _aमेहता, नरेश
245 0 _aखण्डित यात्राएॅं
246 _aKhaṇḍit yātrāeॅan
260 _aगिरगांव
_b हिंदी ग्रंथ रत्नाकर
_c1962
300 _a107पृ.
_ccm.
650 _aहिन्दी साहित्य
_9156264
942 _hO152,2N243,KY, K2
_cTEXL
_2CC
999 _c316957
_d316957